00502nam a22001577a 450000500170000001000150001702000260003203500140005803700090007208200150008110000220009624500490011826000540016727000900022130000330031120220214105959.0 aENG-131559 a9788192997445c950.00 aEN-115091 bDBAD a342.540853 aMishra, Saroj Kr. aRTI and Modern Journalism/cSaroj Kr. Mishra aNoidabDisha International Publishing Housec2018 a88, Bhunna Taga P.S. Rabapura, bNoidae203209mdishainterntionalpublishing@gmail.com avii, 260p.bIndexc22cm(hbk)